Normal view
MARC view
Entry Personal Name
001 - CONTROL NUMBER
- control field: 12703
003 - CONTROL NUMBER IDENTIFIER
- control field: NUST
005 - DATE AND TIME OF LATEST TRANSACTION
- control field: 20181218054357.0
008 - FIXED-LENGTH DATA ELEMENTS
- fixed length control field: 181218|| aca||aabn | a|a d
040 ## - CATALOGING SOURCE
- Original cataloging agency: NUST
- Transcribing agency: NUST
100 ## - HEADING--PERSONAL NAME
- Personal name:
- General subdivision: Highway Engineering
670 ## - SOURCE DATA FOUND
- Source citation: Work cat.: (NUST): Clarkson H., Oglesby 12702, Highway Engineering /, 1954.
